Estudio sobre minifundio en Guatemala (síntesis del estudio) /
sin resumen
Sábháilte in:
| Príomhchruthaitheoir: | |
|---|---|
| Formáid: | Téacs |
| Teanga: | Spanish |
| Ábhair: | |
| Clibeanna: |
Cuir clib leis
Níl clibeanna ann, Bí ar an gcéad duine le clib a chur leis an taifead seo!
|
MARC
| LEADER | 00000 a a2200000 04500 | ||
|---|---|---|---|
| 001 | 16192 | ||
| 003 | cru IIS | ||
| 005 | 20210927132247.0 | ||
| 008 | 210927b |||||||| |||| 00| 0 spa d | ||
| 040 | |c cru IIS | ||
| 100 | 1 | |a Sandoval Villeda, Leopoldo | |
| 245 | 1 | |a Estudio sobre minifundio en Guatemala (síntesis del estudio) / |c Leopoldo Sandoval Villeda | |
| 500 | |a Colección Centroamérica | ||
| 520 | |a sin resumen | ||
| 650 | |a MINIFUNDIOS | ||
| 650 | |a TENENCIA DE LA TIERRA | ||
| 650 | |a POBLACION AGRICOLA | ||
| 650 | |a COOPERACION TECNICA | ||
| 773 | |g núm 5, (1989), páginas 11-28 | ||
| 773 | 0 | |0 43295 |9 6107 |a Universidad de San Carlos de Guatemala |d Guatemala: Universidad de San Carlos de Guatemala |o MFN: 1648 |t Revista de la Universidad de San Carlos/ | |
| 942 | |2 ddc |c PP | ||
| 999 | |c 24144 |d 24144 | ||
